Ukrajinská pracovní migrace v České republice: odliv mozků a existence strukturálních kanálů
Pracovná migrácia a únik mozgov v strednej a východnej Európe. Český stavebný sektor a nové ciele pre pracovnú migráciu. Povolanie ako štrukturálne kanály na trhu práce.
Salvato in:
| Autore principale: | |
|---|---|
| Altri autori: | , |
| Natura: | Capitolo di libro |
| Lingua: | ceco |
| Soggetti: | |
| Tags: |
Nessun Tag, puoi essere il primo ad aggiungerne!!
|
MARC
| LEADER | 00000naa a2200000 4500 | ||
|---|---|---|---|
| 001 | 0192030 | ||
| 005 | 20231207125520.4 | ||
| 041 | 0 | |a cze | |
| 044 | |a CZ | ||
| 245 | 1 | 0 | |a Ukrajinská pracovní migrace v České republice: odliv mozků a existence strukturálních kanálů |c Mattew Sanderson, Wadim Strielkowski, Kateřina Hluštíková |
| 520 | |a Pracovná migrácia a únik mozgov v strednej a východnej Európe. Český stavebný sektor a nové ciele pre pracovnú migráciu. Povolanie ako štrukturálne kanály na trhu práce. | ||
| 610 | 2 | 0 | |a Ukrajina |
| 610 | 2 | 0 | |a migrácia |
| 610 | 2 | 0 | |a stredná Európa |
| 610 | 2 | 0 | |a východná Európa |
| 610 | 2 | 0 | |a Česko |
| 610 | 2 | 0 | |a pohyb síl pracovných medzinárodný |
| 100 | 1 | |a Sanderson, Mattew | |
| 700 | 1 | |a Strielkowski, Wadim | |
| 700 | 1 | |a Hluštíková, Kateřina | |